|
|
|
|
| LEADER |
00000nab a2200000 ar4500 |
| 001 |
vtls009003414 |
| 003 |
SK-MaSNL |
| 005 |
20260319071255.0 |
| 008 |
061219c2006 xo |||||||| 000 b|hun |
| 015 |
|
|
|a SNBRB2006/12
|2 snkbucl
|
| 038 |
|
|
|a SNKBUCL
|
| 040 |
|
|
|a DSZK
|b slo
|c DSZK
|e AACR2
|
| 041 |
0 |
|
|a hun
|
| 044 |
|
|
|a xo
|c SK
|
| 080 |
|
|
|a 78.087.68:783
|2 1997
|
| 080 |
|
|
|a 783
|2 1997
|
| 080 |
|
|
|a 284.2
|2 1997
|
| 100 |
1 |
|
|a Tóth, László,
|d 1949-
|4 aut
|9 103353
|
| 245 |
1 |
0 |
|a Egyházmegyei kórustalálkozó
|b Gömörhorka
|c Tóth László
|
| 610 |
2 |
7 |
|a Reformovaná kresťanská cirkev na Slovensku
|b Gemerský seniorát
|x cirkevné spevácke zbory
|x stretnutie
|2 snkbucl
|9 1065782
|
| 648 |
|
7 |
|a 24.9.2006
|2 snkbucl
|9 1065783
|
| 648 |
|
7 |
|a 2006
|2 snkbucl
|9 313148
|
| 651 |
|
7 |
|a Gemerská Hôrka (Slovensko)
|2 snkbucl
|9 26359
|
| 773 |
0 |
|
|t Kálvinista szemle
|g Évf. LXXVII, sz. 12 (2006), o. 12
|x 1335-7298
|
| 852 |
|
|
|a SNK
|b KIS3GCP
|
| 852 |
|
|
|a DSZK
|b KIS3GCP
|
| 958 |
|
|
|a HU
|
| 958 |
|
|
|a SK
|
| 958 |
|
|
|a NT
|
| 999 |
|
|
|c 1751692
|d 1753622
|